000 00384 a2200109 4500
001 ART_63007
005 20260410161612.0
008 260409a
245 1 0 _aRT 54 (T.O. RT 59): novedades en materia de procedimientos contables de aplicación general
100 1 _aSuardi, Diana
773 0 _tProfesional & Empresaria
_g- Año XXVI, Nº 304 (jul./ago. 2025)
_wREV70
999 _c10711
_d10711